En los dias de Abo-el-Kader / (Registro nro. 1293)

Detalles MARC
000 -LEADER
campo de control de longitud fija 01757cam a22004454i 4500
003 - IDENTIFICADOR DE NÚMERO DE CONTROL
campo de control PE-LiUPU
005 - FECHA Y HORA DE LA ÚLTIMA TRANSACCIÓN
campo de control 20250731172724.0
008 - DATOS DE LONGITUD FIJA--INFORMACIÓN GENERAL
campo de control de longitud fija 150617s1998 cl r 000 0 spa d
035 ## - NÚMERO DE CONTROL DEL SISTEMA
Número de control de sistema (Sirsi) a11170
040 ## - FUENTE DE CATALOGACIÓN
Centro catalogador/agencia de origen PE-LiUPU
Lengua de catalogación spa
Centro/agencia transcriptor PE-LiUPU
Normas de descripción rda
049 ## - FONDOS LOCALES (OCLC)
Biblioteca depositaria PRUA
082 04 - NÚMERO DE LA CLASIFICACIÓN DECIMAL DEWEY
Número de clasificación 244
Cutter G31
Número de edición 21
100 1# - ENTRADA PRINCIPAL--NOMBRE DE PERSONA
Nombre de persona Gerber, N.,
Término indicativo de función/relación autor.
245 10 - MENCIÓN DEL TÍTULO
Título En los dias de Abo-el-Kader /
Mención de responsabilidad, etc. N. Gerber.
264 #1 - PRODUCCIÓN, PUBLICACIÓN, DISTRIBUCIÓN, FABRICACIÓN Y COPYRIGHT
Producción, publicación, distribución, fabricación y copyright Santiago :
Nombre del de productor, editor, distribuidor, fabricante Librería el Lucero,
Fecha de producción, publicación, distribución, fabricación o copyright [1998]
300 ## - DESCRIPCIÓN FÍSICA
Extensión 128 páginas ;
Dimensiones 16 centímetros
336 ## - TIPO DE CONTENIDO
Término de tipo de contenido text
Fuente rdacontent
337 ## - TIPO DE MEDIO
Nombre/término del tipo de medio unmediated
Fuente rdamedia
338 ## - TIPO DE SOPORTE
Nombre/término del tipo de soporte volume
Fuente rdacarrier
505 0# - NOTA DE CONTENIDO CON FORMATO
Nota de contenido con formato Como Osvaldo dejo su hogar -- Osvaldo trata de escaparse -- Cómo Osvaldo encontró a su padre -- Otro prisionero Francés -- El hijo de sheik -- Un espía en el campamento -- Salvados de un gran pedido -- El regreso de los cautivos -- El ataque a la tribu de Ufilah -- Ben-Mansor -- Una tradición de la tribu de Ufilah -- La tribu de Melinah -- Una feliz reunión.
526 ## - NOTA DE INFORMACIÓN SOBRE EL PROGRAMA DE ESTUDIO
Nombre del programa Segunda Especialidad En Profecías Bíblicas
526 ## - NOTA DE INFORMACIÓN SOBRE EL PROGRAMA DE ESTUDIO
Nombre del programa Segunda Especialidad En Nuevo Testamento
526 ## - NOTA DE INFORMACIÓN SOBRE EL PROGRAMA DE ESTUDIO
Nombre del programa Segunda Especialidad En Antiguo Testamento
526 ## - NOTA DE INFORMACIÓN SOBRE EL PROGRAMA DE ESTUDIO
Nombre del programa Segunda Especialidad En Estudios Adventistas
526 ## - NOTA DE INFORMACIÓN SOBRE EL PROGRAMA DE ESTUDIO
Nombre del programa Doctorado en teología
526 ## - NOTA DE INFORMACIÓN SOBRE EL PROGRAMA DE ESTUDIO
Nombre del programa Maestría en teología histórica
526 ## - NOTA DE INFORMACIÓN SOBRE EL PROGRAMA DE ESTUDIO
Nombre del programa Maestría en teología bíblica
526 ## - NOTA DE INFORMACIÓN SOBRE EL PROGRAMA DE ESTUDIO
Nombre del programa Maestría en teología
526 ## - NOTA DE INFORMACIÓN SOBRE EL PROGRAMA DE ESTUDIO
Nombre del programa Maestría en misionología
526 ## - NOTA DE INFORMACIÓN SOBRE EL PROGRAMA DE ESTUDIO
Nombre del programa Maestría en liderazgo eclesiástico
526 ## - NOTA DE INFORMACIÓN SOBRE EL PROGRAMA DE ESTUDIO
Nombre del programa Teología
596 ## -
-- 1
650 04 - PUNTO DE ACCESO ADICIONAL DE MATERIA--TÉRMINO DE MATERIA
Término de materia o nombre geográfico como elemento de entrada Sociedades primitivas (Relatos).
910 ## - DATOS DE OPCIÓN DEL USUARIO (OCLC)
Datos de opción del usuario jck
-- jvq
-- jck
-- 20150616
942 ## - ELEMENTOS DE ENTRADA SECUNDARIOS (KOHA)
Fuente del sistema de clasificación o colocación Clasificación Decimal Dewey
Tipo de ítem Koha
949 ## - PROCESAMIENTO DE INFORMACIÓN LOCAL (OCLC)
a 244 G31
w DEWEY
c 1
i 02826
l CCODEBUL1
m BUL
p 00.00
r 0
s Y
t BOOK
u 2015-04-21
x TEOLOGIA
-- P35
0 COMPRA
o .STAFF. Colección General
994 ## -
-- C0
-- PEPRU
999 ## - NÚMEROS DE CONTROL DE SISTEMA (KOHA)
-- DEWEY
-- 02826
-- 2015-9-1
-- 2021-11-11
-- 5
-- CCODEBUL1
-- BUL
-- 1
-- 10.00
-- 0
-- Y
-- BOOK
-- 2015-4-21
-- TEOLOGIA
-- P35
-- COMPRA
-- .STAFF. Colección Teología
980 ## - EQUIVALENCIA O REFERENCIA-CRUZADA-MENCIÓN DE SERIE--NOMBRE DE PERSONA/TÍTULO [LOCAL, CANADÁ]
ID del último usuario que modificó el registro 1
Nombre del último usuario que modificó el registro ALBERTO SANCHEZ Responsable de Automatización
Existencias
Visto por última vez Número de inventario Total de préstamos Signatura topográfica completa Código de barras Fecha del último préstamo Copia número Coste, precio de reemplazo Fecha de reemplazo Facultad Tipo de ítem Koha Nota pública Estado de pérdida Fuente del sistema de clasificación o colocación Restricciones de uso No para préstamo Colección Programa académico Biblioteca de origen Biblioteca actual Ubicación en estantería Fecha de adquisición Fuente de adquisición Coste, precio normal de compra
2025-12-03 6 1 244 G31 02826 2015-09-01 e1 15.00 2015-04-21   Libros físicos inventario-2023-12-13 No Perdido Clasificación Decimal Dewey No restringido Disponible para préstamos Colección General Teología Biblioteca CRAI UPeU Lima Biblioteca CRAI UPeU Lima Sala principal 2015-04-21 COMPRA 10.00